000
00299nam a2200121Ia 4500
008
190216s9999||||xx |||||||||||||| ||und||
100
_a
Dr.Lav Kumar Loveleen
245
0
_a
Hindi-Samakaleen Rangadharma Natakkar
260
_b
Vikas Prakashan
_c
2010
300
_a
186
650
_a
Hindi
942
_c
BK
999
_c
16828
_d
16828